The Kennedy Legacy /

Guardado en:
Bibliografiske detaljer
Hovedforfatter: Sorensen, Theodore C. (autor)
Format: Bog
Sprog:engelsk
Udgivet: Nueva York, EUA : Macmillan, 1970, c1969
Tags: Tilføj Tag
Ingen Tags, Vær først til at tagge denne postø!

MARC

LEADER 00000nam^a2200000^a^4500
001 000427207
005 20250526000000.0
009 20260310122801.539
037 |a Acervo ITESO - Biblioteca 
041 |a ING 
091 |a FHM. 03178 
100 |a Sorensen, Theodore C.  |e (autor) 
245 1 4 |a The Kennedy Legacy / 
264 4 |a Nueva York, EUA :  |b Macmillan,  |c 1970, c1969 
300 |a 316 p. ;  |c 18.0 cm. 
336 |a texto  |b txt  |2 rdacontenido 
337 |a sin mediación  |b n  |2 rdamedio 
338 |a volumen  |b nc  |2 rdasoporte 
649 |a XX 
910 |a Fondo Hugo B. Margáin 
920 |a Impresos - Libros 
930 |a Libros Antiguos y Raros 
905 |a 126 
901 |a 0500307683  |b IT2  |c LRA  |i D111758  |u 20250526 
902 |a https://opac.biblio.iteso.mx/vufind/Record/000427207